Winter Olympic Medal Table - Excluding Europe and North America - Statistics

General Stats
  • This quiz has been taken 26 times
  • The average score is 7 of 8
Answer Stats
Rank Country Continent Gold Silver Bronze Total % Correct
4 Australia Oceania 6 7 6 19
100%
2 China Asia 22 32 23 77
100%
3 Japan Asia 17 28 31 76
100%
6 New Zealand Oceania 2 2 2 6
100%
1 South Korea Asia 33 30 16 79
100%
7 North Korea Asia 0 1 1 2
82%
5 Kazakhstan Asia 1 3 4 8
77%
8 Uzbekistan Asia 1 0 0 1
68%
No matching quizzes found
Score Distribution
Percent of People with Each Score
Percentile by Number Answered
Your Score History
You have not taken this quiz